| 000 | 00702nam a2200253Ia 4500 | ||
|---|---|---|---|
| 999 |
_c49458 _d49458 |
||
| 001 | 16381 | ||
| 003 | GE_BSU | ||
| 005 | 20210305002900.0 | ||
| 008 | 181216s2012||||xx |||||||||||||| ||eng|| | ||
| 020 | _a9788184739107 | ||
| 040 | _cGE_BSU | ||
| 041 | _aeng | ||
| 080 | _a611.013 S-12 | ||
| 100 |
_aSadler, T. W. _97436 |
||
| 245 |
_aLangman's Medical Embryology : _bEmbryology : Anatomia / _cT. W. Sadler. |
||
| 250 | _a12 th edition | ||
| 264 |
_aPhiladelpia : _bLippincott williams wilkins, _c2012. |
||
| 300 |
_a384 p. : _bill. ; _c24 cm. |
||
| 653 | _aLangman's Medical Embryology | ||
| 653 | _aEmbryology | ||
| 653 | _aAnatomia | ||
| 653 | _aმედიცინა | ||
| 942 |
_cBK _2udc |
||